000
00282nam a22001337a 4500
008
171228b xxu||||| |||| 00| 0 eng d
020
_a
9780314143884
041
_a
eng
080
_a
34
100
_a
14
101
_a
JUR
245
_a
HEALTH LAW
_c
GREANEY.TH.L
942
_2
udc
_c
BK
999
_c
39565
_d
39565